[Event "Bucharest Kings 6th"]
[Site "Bucharest"]
[Date "2012.11.12"]
[Round "5"]
[White "Topalov, Veselin"]
[Black "Nisipeanu, Liviu Dieter"]
[Result "1-0"]
[WhiteElo "2769"]
[BlackElo "2668"]
[Annotator "Krasenkow,M"]
[PlyCount "80"]
[EventDate "2012.11.07"]
[EventType "tourn"]
[EventRounds "6"]
[EventCountry "ROU"]
[EventCategory "20"]
[SourceTitle "CBM 152"]
[Source "ChessBase"]
[SourceDate "2013.01.15"]
[SourceVersion "1"]
[SourceVersionDate "2013.01.15"]
[SourceQuality "1"]

1. d4 Nf6 2. c4 e6 3. Nf3 b6 4. g3 Ba6 5. Qc2 Bb7 6. Bg2 c5 7. d5 exd5 8. cxd5
Nxd5 9. O-O Be7 10. Rd1 Nc7 11. Nc3 a6 {[%cal Ya8a7] A rare move. Black plans
to develop his rook via a7.} (11... Qc8) (11... Ne6) ({and} 11... Nc6 {are
seen in practice more frequently.}) 12. Bf4 $146 {Two previous games went
quite successfully for Black:} (12. Ne4 d5 13. Nh4 Bxh4 14. gxh4 Nc6 15. Bf4
O-O 16. Ng5 g6 17. h5 Ne6 18. Nxe6 fxe6 19. e3 gxh5 20. Kh1 Kh8 {1/2
Khmelniker,I (2411)-Sulskis,S (2528)/Dresden 2007/CBM 118 (35) - White has
lost all his compensation for the missing material}) (12. Qf5 O-O 13. Bf4 (13.
Ng5 $1 g6 14. Qh3 Bxg5 15. Bxg5 Qxg5 16. Bxb7 Ra7 17. Bg2 $44) 13... Ne6 14.
Bd6 Ra7 15. Bxe7 Qxe7 16. Qe5 Bxf3 17. Bxf3 Nc6 18. Qd5 Ned4 19. Be4 Nb4 20.
Qh5 g6 21. Qh6 Nxe2+ 22. Nxe2 Qxe4 $19 {0-1 Arnaudov,P (2404)-Suba,M (2451)/
Arvier 2010/CBM 137 Extra (66)}) 12... O-O 13. e3 {White prefers to avoid
simplifications.} (13. Ng5 {was possible here, too:} Bxg5 14. Bxb7 Ra7 15. Bxg5
Qxg5 16. Be4 Qh6 17. e3 $44) 13... Ra7 14. Rd2 Ne6 15. Rad1 Nxf4 16. exf4 $44 {
[%csl Gd1,Gd2][%cal Gd2d7]} Qc8 (16... Bf6 $5) 17. h4 d6 18. a3 Nc6 $6 {
Black should be ready to exchange White's knight on d5.} (18... h6 $142) 19.
Nd5 Bd8 (19... b5 $5 {[%cal Yc5c4]}) 20. Ne3 Bf6 (20... Be7 21. Nf5) 21. Rxd6
Nd4 22. Nxd4 Bxd4 23. Bxb7 Rxb7 24. Nf5 $14 Qb8 (24... Bf6 25. Rxf6 gxf6 26.
Rd6 $16 {[%csl Gf5,Rg8]}) 25. Qe4 g6 (25... Bxb2 26. Ne7+ Kh8 $2 27. Nc6 Qc7
28. Rd8 $18) 26. Ne7+ $6 {As a result of Black's inaccuracies, White has
obtained strong pressure but now he complicates his task.} (26. Nxd4 Qxd6 27.
Qxb7 b5 (27... cxd4 28. Qxa6 {with an extra pawn and excellent winning chances.
}) 28. Qc6 Rd8 29. Qxd6 Rxd6 30. Kf1 cxd4 31. Ke2 $14 {_|_}) 26... Kg7 27.
R1xd4 cxd4 28. Qxd4+ f6 29. Nc6 Qc8 30. Kh2 {[%mdl 1024] White's pieces are
very active but that merely compensates for Black's material advantage.} Rc7 (
30... Qf5 $142 $1 {[%cal Yf8e8]}) 31. Qd5 $1 (31. Nd8 Re7 32. Qxb6 Rfe8) 31...
Re8 32. Nd4 Rce7 (32... Kh8 $1 {, evading the knight fork, was the right
defence. White has no decisive blow:} 33. Ne6 (33. Rxb6 $6 Rd7 34. Rd6 Red8) (
33. f5 gxf5 34. Nxf5 $2 Rc5) (33. Rxf6 Rd7 34. Rd6 Rxd6 35. Qxd6 Qc5) 33...
Rce7 34. f5 Qc2 $132) 33. f5 Qc1 $2 {[%mdl 8192] This move definitely loses.
Black's queen has nothing to do on c1.} (33... Re5 34. Qf3 gxf5 35. Rxb6 Qc5) (
33... b5 $5) 34. Ne6+ Kh8 35. Qd4 Qc2 (35... Rf7 36. Rd8 Qc6 37. Qxb6 $1 $18)
36. Qxf6+ Kg8 37. fxg6 Qxg6 38. Qxg6+ hxg6 39. Nf4 Rg7 40. Rxb6 a5 {White has
a decisive material advantage, Black's resistance is absolutely hopeless.} 1-0

[Event "Tashkent FIDE GP 2nd"]
[Site "Tashkent"]
[Date "2012.12.03"]
[Round "10"]
[White "Mamedyarov, Shakhriyar"]
[Black "Karjakin, Sergey"]
[Result "1-0"]
[WhiteElo "2764"]
[BlackElo "2775"]
[Annotator "Krasenkow,M"]
[PlyCount "105"]
[EventDate "2012.11.22"]
[EventType "tourn"]
[EventRounds "11"]
[EventCountry "UZB"]
[EventCategory "20"]
[SourceTitle "CBM 152"]
[Source "ChessBase"]
[SourceDate "2013.01.15"]
[SourceVersion "1"]
[SourceVersionDate "2013.01.15"]
[SourceQuality "1"]

1. d4 Nf6 2. c4 e6 3. Nf3 b6 4. g3 Ba6 5. Qa4 Bb7 6. Bg2 c5 7. dxc5 bxc5 8. O-O
Be7 9. Nc3 O-O 10. Rd1 Qb6 11. Bf4 Rd8 12. Rd2 h6 13. Rad1 d6 14. Qb5 Ne8 {
This line was examined in several CBM issues (see e.g. CBM 139, annotations to
Navara - Leko) including an article by GM Spyridon Skembris in CBM 140. Here
I'll only mention recent developments.} 15. g4 {A fresh attempt. White keeps
his bishop on the h2-b8 diagonal.} (15. Qxb6 axb6 16. g4 Nc6 17. b3 Na7 18. Ne1
Bxg2 19. Kxg2 Rab8 20. Nd3 b5 $132 {1/2 Arencibia Rodriguez,W (2511)-Corrales
Jimenez,F (2578)/Panama City 2011/EXT 2012 (64)}) (15. e4 g5 (15... Nd7 16. e5
Qxb5 17. Nxb5 d5 18. cxd5 Bxd5 19. Nh4 $5 Bxg2 20. Nxg2 a6 21. Na3 Nb6 22. Rxd8
Rxd8 23. Rxd8 Bxd8 24. Bd2 Nc7 25. Ne3 Ncd5 26. Nac4 $14 {1-0 Fedoseev,V (2477)
-Bernadskiy,V (2438)/Lvov 2010/CBM 139 Extra (68)}) (15... Qxb5 {A primitive
move but White failed to prove his advantage in the following game:} 16. Nxb5
Bxe4 17. Nxd6 Nxd6 18. Bxd6 Rxd6 19. Rxd6 Bxd6 20. Rxd6 Nc6 21. Ne1 Bxg2 22.
Kxg2 Rc8 23. Nd3 (23. Rd7 Ne5 24. Rxa7 Nxc4) 23... Nb8 {[%cal Yg8f8,Yf8e7]} 24.
Nxc5 Rxc5 25. Rd8+ Kh7 26. Rxb8 Rxc4 27. Rb7 Ra4 28. Rxf7 Rxa2 $11 {1/2
Alvarez Pedraza,A (2515)-Pogorelov,R (2430)/San Sebastian 2011/CBM 141 Extra 
(44)}) (15... Bc6 16. Qxb6 axb6 17. h4 Ra7 18. e5 {Probably a bit premature.}
Rad7 19. exd6 Bxd6 20. Ne5 Bxe5 21. Rxd7 Nxd7 22. Bxc6 Bd4 23. Kg2 Nb8 24. Bf3
Nd6 25. Bxd6 Rxd6 26. Nb5 Rd7 $14 {/= 1/2 Girya,O (2429)-Galojan,L (2385)/
Moscow 2011/CBM 140 Extra (42)}) 16. Be3 Nd7 17. Qa4 $6 {Hardly logical} (17.
h4 {is the main continuation seen in practice}) 17... Bc6 (17... Nef6 $5 $132)
18. Qc2 Qb7 19. Nd5 Bf8 20. Bxg5 $6 hxg5 21. Nxg5 Ne5 22. f4 Bh6 23. h4 Nxc4
24. Qxc4 exd5 25. exd5 {1-0 Melkumyan,H (2619)-Podolchenko,E (2474)/Rogaska
Slatina 2011/CBM 145 (50)} Bb5 {, and White's attack should be parried}) 15...
Nd7 (15... Qc7 $5 16. Qa4 a6 17. h4 Nd7 18. Qc2 Nf8 19. Bg3 Nf6 20. Nh2 Bxg2
21. Kxg2 Qc6+ 22. e4 Rd7 23. f3 Rad8 24. Nf1 Ng6 $11 {1-0 Rodshtein,M (2634)
-Zhigalko,S (2658)/Moscow 2012/CBM 147 (76)}) 16. h4 $5 $146 {[%cal Yg4g5]
[%mdl 8] A new, quite good plan.} (16. Qxb6 Nxb6 (16... axb6 $5 {leads to a
position from the following game, in which Black equalised:} 17. b3 Ndf6 18. h3
Ne4 19. Nxe4 Bxe4 20. a4 Rac8 21. Ne1 Bg6 22. Nc2 Bg5 23. Bxg5 Bxc2 24. Bxd8
Bxd1 25. Rxd1 Rxd8 26. b4 cxb4 27. Rb1 d5 28. cxd5 exd5 29. Rxb4 Rd6 30. Rd4
Nc7 31. e4 Ne6 32. e5 Rd8 33. Rxd5 Rxd5 34. Bxd5 Nc5 35. Bc6 Nd3 $11 {1/2
Hernandez Carmenates,H (2582)-Lafuente,P (2505)/Barcelona 2008/CBM 126 Extra 
(53)}) 17. b3 a6 18. Ne1 (18. h4 $5 {- game}) 18... Bxg2 19. Kxg2 Rac8 20. Nf3
(20. e4 $5) 20... Bf6 21. Ne4 d5 22. cxd5 Nxd5 23. Bg3 c4 $11 {1/2 Roiz,M 
(2668)-Leko,P (2728)/Saratov 2011/CBM 145 (54)}) 16... a6 17. Qxb6 Nxb6 18. b3
Bf6 (18... d5 19. Ne5 Bxh4 20. cxd5 exd5 21. Nxd5 Nxd5 22. Bxd5 Bxd5 23. Rxd5
Rxd5 24. Rxd5 Nf6 25. Rd3 $14 ({but not} 25. Rxc5 $4 Bxf2+ 26. Kxf2 Ne4+)) (
18... a5 19. a4) 19. Nb1 d5 $6 {This version of the central advance is even
less fortunate but what else can Black do?} ({If} 19... Be7 {then anyway} 20.
g5 {e.g.} e5 21. Be3 e4 22. Ne1 hxg5 23. Bxg5 (23. hxg5 $143 Nc7 24. Nc3 d5 {
M.Notkin}) 23... f6 24. Bf4 {, and White keeps pressure.}) 20. g5 hxg5 21. hxg5
Be7 22. Ne5 Nd6 23. g6 $1 f6 {Allowing a strong tactical blow.} (23... fxg6 24.
Nxg6 Bf6 25. Rd3 $16) (23... Rac8 $5 {[%cal Rf7f6]} 24. cxd5 {the simplest} (
24. gxf7+ Nxf7 25. Nxf7 Kxf7 26. Nc3 Bf6 27. cxd5 $1 exd5 28. Nxd5 Nxd5 29.
Bxd5+ Bxd5 30. Rxd5 Rxd5 31. Rxd5 c4 32. bxc4 Rxc4 33. e3 Ra4 34. Rd2 Ke6 {
keeping drawing chances}) 24... Nxd5 (24... exd5 $2 25. gxf7+ Nxf7 26. Nc4 $1)
25. gxf7+ Nxf7 26. Bh2 $16) 24. Nf7 $1 e5 (24... Nxf7 25. gxf7+ Kxf7 26. Bc7)
25. Nxd6 {A difficult choice. Perhaps it was better to take the exchange:} (25.
Nxd8 Rxd8 26. Bh2 d4 27. Bxb7 Nxb7 {, and now} 28. e3 {[%cal Yf2f4] opening up
the position (indicated by IM M.Notkin)}) 25... Rxd6 (25... Bxd6 26. Be3 {
[%csl Rc5][%cal Yc4d5]}) 26. Bg3 f5 27. Bxe5 Rxg6 28. cxd5 {White has won a
pawn; now he has to consolidate his position.} c4 29. Bg3 Bb4 30. bxc4 $1 {
The right decision. With two connected passed pawns for the exchange and a
pair of bishops White should be technically winning.} Bxd2 31. Nxd2 Rc8 32. e3
a5 (32... Nxc4 33. Nxc4 Rxc4 34. d6 $18) 33. Rb1 Ba6 34. d6 Nd7 35. Kf1 $6 (35.
e4 $142 $1 {opening up the position even further.}) 35... Kf8 36. Bf3 Rf6 37.
Kg2 g5 $1 {Black has considerably improved the co-ordination of his forces.}
38. Bh2 Bxc4 $6 {Missing a tactical resource:} (38... f4 39. Ne4 (39. Bg4 Rxd6
40. Ne4 Rd3) 39... g4 $1 40. Bd1 (40. Bxg4 Rg6 41. Kh3 Rh6+ $11) 40... Re6 41.
Ng5 f3+ 42. Kg1 Rg6 {with good drawing chances.}) 39. Nxc4 Rxc4 40. Rb7 Ke8 41.
Be2 Rc8 $2 {After this passive move Black's pieces will be completely tied up.}
(41... Rc6 42. Bb5 Rcxd6 43. Bxd6 Rxd6 {was correct, e.g.} 44. Ra7 (44. f4 $6 {
doesn't succeed due to} gxf4 45. exf4 Kd8 {, and the pawn endgame is drawn:}
46. Rxd7+ Rxd7 47. Bxd7 Kxd7 48. Kg3 Ke6 49. Kh4 a4 $1 50. Kg5 a3 $1 51. Kg6
Kd5 52. Kxf5 Kd4 $1 {shouldering off the white king} (52... Kc4 $4 53. Ke4 Kc3
54. f5 Kb2 55. f6 Kxa2 56. f7 Kb2 57. f8=Q a2 58. Qb4+ Kc2 59. Qe1 Kb2 60. Qd2+
Kb1 61. Kd3 $18) 53. Ke6 Kc3 54. f5 Kb2 55. f6 Kxa2 56. f7 Kb2 57. f8=Q a2 $11)
44... Ke7 45. a4 Rd2 46. Bxd7 Rxd7 47. Rxa5 Ke6 {, and it is not quite clear
whether this rook endgame is winning or not.}) 42. Bb5 Rd8 43. Be5 Re6 44. f4
gxf4 45. Bxf4 Rg6+ 46. Kf3 Rg1 47. Be5 Rg6 48. Kf4 Rh6 49. a4 Re6 50. Rc7 Rh6
51. Kg5 Rh7 (51... Re6 52. Bf6 Rxf6 53. Bxd7+ Rxd7 54. Rxd7 $18) 52. Bf6 Rb8
53. Bc6 {So, Shakhriyar Mamedyarov's plan sets Black new problems in this line.
} 1-0

[Event "Astrakhan FIDE GP"]
[Site "Astrakhan"]
[Date "2010.05.18"]
[Round "8"]
[White "Mamedyarov, Shakhriyar"]
[Black "Alekseev, Evgeny V"]
[Result "1-0"]
[WhiteElo "2763"]
[BlackElo "2700"]
[Annotator "Krasenkow,M"]
[PlyCount "65"]
[EventDate "2010.05.10"]
[EventType "tourn"]
[EventRounds "13"]
[EventCountry "RUS"]
[EventCategory "20"]
[SourceTitle "CBM 137"]
[Source "ChessBase"]
[SourceDate "2010.07.15"]
[SourceVersion "1"]
[SourceVersionDate "2010.07.15"]
[SourceQuality "1"]

1. d4 Nf6 2. c4 e6 3. Nf3 d5 4. g3 Bb4+ 5. Bd2 Be7 6. Bg2 c6 7. Qc2 O-O 8. O-O
b6 9. b3 Nbd7 10. Rd1 Ba6 11. a4 Rc8 12. a5 c5 13. axb6 Qxb6 {About this old
line - see CBM 82, annotations to Hackel - Neidhardt by GM L.Ftacnik.} 14. Qa2
(14. Ba5 Qb8 15. Bc3 (15. Nbd2 cxd4 16. Nxd4 Bc5 17. Bc3 Qb6 $6 (17... Bb7 {
L.Ftacnik}) 18. e3 Rfe8 $2 (18... e5 $5 19. b4 $1 Bxb4 20. Bxb4 Qxb4 21. Rxa6
exd4 22. exd4 dxc4 23. Rb1 Qe7 24. Rxa7 $14 {L.Ftacnik}) 19. b4 $1 Bxd4 20.
Bxd4 Qb7 21. Qa2 $1 $18 {1-0 Hackel,M (2338)-Neidhardt,C (2429)/Germany 2001/
CBM 082/[Ftacnik] (38)}) 15... Bb7 16. dxc5 (16. Nbd2 h6 17. Qa2 a6 18. e3 Rfd8
19. Rab1 Qa8 20. Qa1 dxc4 21. bxc4 Bc6 $13 {0-1 Franco Alonso,A (2165)-Acs,P 
(2450)/San Agustin 1998/EXT 2000 (44)}) 16... Bxc5 17. Nbd2 dxc4 18. bxc4 Qa8
19. e3 Ne4 $6 20. Nxe4 Bxe4 21. Qe2 Rfd8 $4 (21... Nb6 $11) 22. Ng5 $1 Bxg2 23.
Qh5 $18 {1-0 Belikov,V (2487)-Zavgorodniy,S (2393)/Alushta 2002/CBM 092 (27)})
14... Bb7 (14... Nb8 15. Ba5 Qd6 16. Nbd2 (16. cxd5 Qxd5 17. Ne5 {1/2
Bogdanovski,V (2440)-Kurajica,B (2520)/Star Dojran 1991/TD}) 16... cxd4 17.
Nxd4 Bd8 18. cxd5 Nxd5 19. Nc4 Qc5 20. Nf5 $1 Nb4 21. Qd2 $16 {1-0 Marin,M 
(2545)-Kiselev,S (2485)/Bucharest 1997/CBM 060/[Marin,M] (24)}) 15. Ba5 (15.
Qxa7 $2 Qxb3 {[%cal Rc8a8,Rb3d1]}) (15. b4 $6 cxb4 (15... cxd4 16. c5 Qc7 17.
Nxd4 $16 {1-0 Mikhalevski,V (2608)-Djukic,N (2500)/Budva 2009/CBM 130 (36)})
16. c5 Nxc5 $1 17. dxc5 Bxc5 18. e3 {gives Black good compensation for the
piece, e.g.} Qd6 (18... Nd7 19. Be1 Ra8 20. Qa5 Qxa5 21. Rxa5 Bb6 22. Bxb4 Bxa5
23. Bxa5 Rfc8 $13 {0-1 Mikhalevski,V (2625)-Sulashvili,M (2476)/Baku 2009/CBM
132 Extra (71)}) (18... Ra8 19. Qa5 Rfc8 20. Be1 Qxa5 21. Rxa5 Bb6 22. Bxb4
Bxa5 23. Bxa5 Rc5 $36 {1/2 Mikhalevski,V (2631)-Adams,M (2699)/Edmonton 2009/
CBM 131 Extra (48)}) (18... Ne4 19. Be1 Ra8 20. Ne5 Nf6 21. Nd3 a5 22. Nxc5
Qxc5 23. Qb2 Rfc8 $13 {1-0 Ruck,R (2548)-Gordon,S (2535)/Germany 2009/CBM 132
Extra (46)}) 19. Nd4 (19. Bc1 $5 {M.Marin}) 19... a5 20. Be1 a4 21. Qb2 Ra8 22.
Bf1 Rfb8 $17 {0-1 Danielsen,H (2495)-Galdunts,S (2465)/Yerevan 1996/EXT 1997 
(34)}) 15... Qa6 (15... Qd6 16. e3 $5 (16. Nbd2 cxd4 17. Nxd4 Qb8 18. cxd5 {
Razuvaev,Y (2500)-Balashov,Y (2535)/Helsinki 1984/MCL} Bxd5 $11) (16. dxc5 Qxc5
) 16... cxd4 17. exd4 Ne4 (17... dxc4 18. bxc4 e5 19. Bc3 $14) 18. c5 Qc6 19.
Nbd2 $14 e5 $6 20. Bh3 $1 f5 {1-0 Pavoni,F (2445)-Mazzoni,G/ICCF Email 2002/
ICCF Telechess CBM 102 (44)} 21. Nxe4 $1 dxe4 22. b4+ Kh8 23. Nxe5 Nxe5 24.
dxe5 e3 25. f3 Qxf3 26. Bg2 Qxg2+ 27. Qxg2 Bxg2 28. Kxg2 $16) 16. dxc5 Nxc5 17.
b4 $6 {Tempting but wrong!} (17. Nbd2 $1 $14) 17... Nce4 18. c5 {[%csl Ra6,Gc5,
Re4] This move looks very formidable. White has got a strong passed pawn, and
Black's pieces look quite shaky, especially his queen and his centralised
knight, which is under the threat of being trapped by f2-f3. However, a
brilliant tactical idea could have changed everything!} (18. Nbd2 {didn't
quite work either:} dxc4 $1 (18... Nc3 $2 19. b5 Nxe2+ 20. Kf1) 19. b5 $5 Qxb5
20. Rdb1 Qd5 21. Rxb7 Qxb7 22. Ng5 c3 $1 23. Ndxe4 $1 (23. Ngxe4 $2 cxd2 $1 24.
Nxf6+ Bxf6 25. Bxb7 Rc1+) 23... Nxe4 24. Nxe4 c2 $1 25. Bc3 Qb6 26. Qxc2 f5 $1
$17) 18... Ng4 $1 {[%mdl 2048]} 19. Nd4 $1 {[%cal Rb4b5]} e5 $2 {Alas! GM
Evgeny Alekseev misses} (19... Ngxf2 $1 20. b5 (20. Bxe4 Nxd1 21. b5 (21. Bd3
Bf6 $1) 21... Qxa5 22. Qxa5 (22. Bxh7+ Kxh7 23. Qc2+ Kg8 24. Rxa5 Ne3 25. Qd3
Bxc5 26. Qxe3 e5 $17) 22... Bxc5 23. Bxh7+ Kxh7 24. Qd2 e5 $17) 20... Qxa5 $1
21. Qxa5 Bxc5 {With just a piece for the queen, Black has an excellent
position. In fact, he will now regain almost all the material, e.g.} 22. Na3
Nxd1 23. Rxd1 e5 24. Bxe4 dxe4 25. Nac2 Bb6 26. Qd2 Rfd8 27. e3 Rc5 $44) {
After the text move the complications turn out to be favorable for White.} 20.
Nf5 $1 Qf6 21. Nxe7+ Qxe7 22. f3 Qg5 (22... Ne3 23. fxe4 Nxd1 24. Qb3 Rxc5 $1
25. Qxd1 $16) 23. Qb3 Nxg3 (23... Qe3+ 24. Qxe3 Nxe3 25. Rd3 Nxg2 26. fxe4 dxe4
(26... d4 27. Kxg2 Bxe4+ 28. Kf2 Bxd3 29. exd3 $18) 27. Rc3 $1 e3 28. Na3 $18 {
[%cal Ra3c4,Rc4d6]}) 24. hxg3 Ne3 25. Nd2 $1 Nxd1 26. Nf1 $1 {White wins the
knight and converts his material and positional advantage:} f5 27. Rxd1 f4 28.
Bh3 fxg3 29. Bxc8 Rxc8 30. e4 Rf8 31. exd5 e4 32. f4 Qxf4 33. Qxg3 1-0

[Event "Bundesliga 0607"]
[Site "Germany"]
[Date "2007.03.17"]
[Round "12.3"]
[White "Nisipeanu, Liviu Dieter"]
[Black "Baklan, Vladimir"]
[Result "1/2-1/2"]
[WhiteElo "2689"]
[BlackElo "2618"]
[Annotator "Krasenkow,M"]
[PlyCount "35"]
[EventDate "2006.10.28"]
[EventType "team-tourn"]
[EventRounds "15"]
[EventCountry "GER"]
[SourceTitle "CBM 118"]
[Source "ChessBase"]
[SourceDate "2007.05.31"]
[SourceVersion "1"]
[SourceVersionDate "2007.05.31"]
[SourceQuality "1"]
[WhiteTeam "Baden-Baden"]
[BlackTeam "Bindlach"]
[WhiteTeamCountry "GER"]
[BlackTeamCountry "GER"]

1. d4 Nf6 2. Nf3 e6 3. c4 b6 4. g3 Ba6 5. Qc2 Bb7 6. Bg2 c5 7. d5 exd5 8. cxd5
Nxd5 9. O-O Be7 10. Rd1 Qc8 (10... Nc6 {was examined in CBM 117, annotations
to Bologan-A.Ivanov.}) 11. Nh4 $5 $146 {[%mdl 8] An interesting novelty. The
other moves seen in practice have not proven their effectiveness:} (11. Qf5 Nf6
12. Nc3 Nc6 (12... O-O 13. Bg5 d5 14. Qxc8 Rxc8 15. Nh4 Nbd7 16. Nf5 Bf8 17.
Nxd5 Nxd5 18. Bxd5 Bxd5 19. Rxd5 {1/2-1/2 Khalifman,A-Khairullin,I/Sochi RUS
2007/The Week in Chess 653}) 13. Bg5 d5 14. Nh4 Nd4 15. Qxc8+ Rxc8 16. e3 Ne6
$15 {1-0 Gelfand,B-Leko,P/Odessa UKR 2007/The Week in Chess 635 (65)}) (11. Bg5
h6 12. Bxe7 Nxe7 13. e4 O-O 14. Nc3 Nbc6 15. Rd2 Ba6 (15... Qb8 16. Rad1 Rd8
17. a3 Ng6 18. Nb5 d5 19. exd5 Nce5 20. Nxe5 Nxe5 21. Re2 a6 22. Nc3 b5 23. Qf5
$16 {1-0 Postny,E-Chuchelov,V/Dresden GER 2007/The Week in Chess 649 (46)}) (
15... Nd8 $5 16. Nb5 Ne6 17. Nd6 Qc7 18. Qc3 Rad8 19. Rad1 Bc6 20. Nh4 Nd4 21.
Rxd4 cxd4 22. Rxd4 b5 23. Nhf5 Nxf5 24. exf5 f6 $44 {1/2-1/2 Potkin,V-Iljin,A/
Sochi RUS 2007/The Week in Chess 652 (37)}) 16. Bh3 Qb8 $5 (16... Ng6 17. Bxd7
Qb7 18. Bh3 (18. Bxc6 $5 Qxc6 19. Nd5 $14) 18... Rad8 19. Rad1 Qb8 20. Bg2 {
1/2-1/2 Aronian,L-Carlsen,M/Wijk aan Zee NED 2007/The Week in Chess 637}) (
16... Nb4 $5 {[%cal Yc5c4]} 17. Qa4 Qc6 18. Qd1 $14) 17. Bxd7 Qb7 18. Rad1 Rad8
19. Bh3 Rxd2 20. Rxd2 Rd8 21. Rxd8+ Nxd8 22. Qd1 Ndc6 23. Qd6 Qb8 $1 24. Qxb8+
Nxb8 25. Nd2 Nbc6 26. f4 Nd4 $11 {1/2-1/2 Sargissian,G-Wojtaszek,R/Berlin GER
2007/The Week in Chess 639 (60)}) (11. e4 Nc7 12. Nc3 O-O 13. e5 Nc6 14. Bg5
Nxe5 $6 (14... Nb4 $142 15. Qb1 Bxf3 16. Bxe7 Bxg2 17. Bxf8 Bf3 $13) 15. Nxe5
Bxg5 16. Bxb7 Qxb7 17. Ne4 $36 {1/2-1/2 Nielsen,P-Chuchelov,V/Muelheim Nord
GER 2007/The Week in Chess 642 (21)}) (11. a3 Nf6 (11... O-O $142) 12. Nc3 d5
13. Bg5 d4 14. Bxf6 gxf6 15. Ne4 $44 O-O (15... Nc6 $142 $13) 16. Rac1 $44 {
1-0 Rodshtein,M-Pashikian,A/Yerevan ARM 2006 (33)} (16. Nxd4 $5 cxd4 17. Qxc8
Rxc8 18. Nd6)) 11... Bxh4 {An obvious move but} (11... Nb4 $5 {needs testing.})
12. Rxd5 $5 Be7 13. Nc3 Nc6 14. Qe4 $6 (14. Bf4 $5 Nb4 15. Qf5 Nxd5 16. Nxd5
Bxd5 17. Bxd5 O-O 18. Rd1 d6 19. Qe4 Re8 20. Qf3 Rf8 21. Qe4 Re8 22. Qf3 Rf8
23. Qe4 {1/2-1/2 Gelfand,B-Carlsen,M/Monte Carlo MNC 2007/The Week in Chess 645
}) 14... O-O 15. Rh5 g6 16. Rh3 f5 $2 {This is absolutely unnecessary and only
weakens Black's position. After, say,} (16... Re8 {it is not easy for White to
prove his compensation for the pawn.}) 17. Qe3 $2 (17. Qc4+ Kh8 (17... Rf7 18.
Bd5 Ne5 19. Bxf7+ Nxf7 20. Rxh7 $16) 18. Nd5 {gave White a strong attack.})
17... Rf7 $1 18. Bd5 {White offered a draw in this position, which Black
accepted, although his compensation for the exchange after} (18. Bd5 Qf8 {
is more than sufficient, due to White's horrible h3 rook.}) 1/2-1/2